000 00950cam a2200301 i 4500
001 114380
005 20230410103901.0
008 140207s2003 is a g 001 0 eng d
020 _a9659048203
041 0 _aeng
050 1 4 _a416 DS 125.3
_bB456B 2003
082 0 0 _a956.94
100 1 _aBar-Zohar, Michael,
_d1938-
245 0 0 _aBen-Gurion :
_ba biography /
_cMichael Bar-Zohar ; translated by Peretz Kidron.
250 _aThe New Millenium ed.
260 _aTel Aviv :
_bMagal Books,
_c[2003].
300 _axvii, 342 p. :
_b[16] p. of plates : ill.
500 _aEpílogo actualizado por el autor.
600 2 0 _aBen-Gurion, David,
_d1886-1973.
650 0 _aPrime ministers
_zIsrael
_xBiography.
650 0 _aZionists
_zPalestine
_xBiography.
650 4 _aIsrael
_xHistoria.
650 4 _aBen-Gurión, David, 1886-1973
_vBiografías.
700 1 _aBar-Zohar, Michael
700 1 _aKidron, Peretz
942 _2lcc
_cbk
946 _aPP
999 _c27726
_d27726